Munda Pompeiana / (Record no. 160965)

MARC details
000 -LEADER
campo de control de longitud fija 01124nam a22002535i 4500
001 - NÚMERO DE CONTROL
campo de control 160965
003 - IDENTIFICADOR DE NÚMERO DE CONTROL
campo de control ES-MaACL
005 - FECHA Y HORA DE LA ÚLTIMA TRANSACCIÓN
campo de control 20230906212150.0
008 - DATOS DE LONGITUD FIJA--INFORMACIÓN GENERAL
campo de control de longitud fija 950206s1861 sp a |||| | spa d
100 1# - ENTRADA PRINCIPAL--NOMBRE DE PERSONA
Nombre de persona Oliver y Hurtado, José.
9 (RLIN) 130628
245 10 - MENCIÓN DEL TÍTULO
Título Munda Pompeiana /
Mención de responsabilidad, etc. memoria escrita por José y Manuel Oliver Hurtado y premiada por voto unánime de la Academia de la Historia en el concurso de 1860.
260 ## - PUBLICACIÓN, DISTRIBUCIÓN, ETC.
Lugar de publicación, distribución, etc. Madrid :
Nombre del editor, distribuidor, etc. [s.n.],
Fecha de publicación, distribución, etc. 1861 (
Fabricante Imp. de Manuel Galiano)
300 ## - DESCRIPCIÓN FÍSICA
Extensión 515 p., [2] h. pleg. de lám. ;
Dimensiones 28 cm.
505 8# - NOTA DE CONTENIDO CON FORMATO
Nota de contenido con formato Incluye apéndice: "Textos de los escritores antiguos referentes a la Munda Pompeiana"
530 ## - NOTA DISPONIBLE DE FORMULARIO FÍSICO ADICIONAL
Nota de formato físico adicional disponible Disponible en formato digital.
597 ## - NOTA DE DESCRIPCIÓN FÍSICA
NOTA DE DESCRIPCIÓN FÍSICA Signaturizado.
597 ## - NOTA DE DESCRIPCIÓN FÍSICA
NOTA DE DESCRIPCIÓN FÍSICA Antep.
599 ## - NOTA A LAS ILUSTRACIONES
NOTA A LAS ILUSTRACIONES Las lám. son grab. litogr.: "Lit. Alemana, grabado por F. Arnold"
650 #4 - PUNTO DE ACCESO ADICIONAL DE MATERIA--TÉRMINO DE MATERIA
Término de materia o nombre geográfico como elemento de entrada Batalla de Munda, 45 a.C.
9 (RLIN) 170044
651 #4 - PUNTO DE ACCESO ADICIONAL DE MATERIA--NOMBRE GEOGRÁFICO
Nombre geográfico Andalucía-
Subdivisión general Restos arqueológicos romanos.
9 (RLIN) 151210
700 1# - ENTRADA AGREGADA--NOMBRE PERSONAL
Nombre de persona Oliver y Hurtado, Manuel.
9 (RLIN) 86850
852 ## - LOCALIZACIÓN
Ubicación ES-MaACL
Número de control de estantería F-2633
Nota libre - Enc. hol.
856 ## - LOCALIZACIÓN Y ACCESO ELECTRÓNICOS
Identificador Uniforme de Recursos <a href="http://bdh-rd.bne.es/viewer.vm?id=0000079508&page=1 ">http://bdh-rd.bne.es/viewer.vm?id=0000079508&page=1 </a>
Nota pública Biblioteca Digital Hispánica
Holdings
Estatus retirado Estado de pérdida Estado de daño No para préstamo Colección Biblioteca de origen Biblioteca actual Ubicación en estantería Fecha de adquisición Fuente de adquisición Total de préstamos Signatura topográfica completa Código de barras Visto por última vez Precio de reemplazo Tipo de ítem Koha
        Colección digital Biblioteca del Ateneo de Madrid Biblioteca del Ateneo de Madrid Depósito 2 17/01/2008     F-2633 1168576 23/02/2023 23/02/2023 Libro impreso antiguo